| 000 | 00404nam a2200157Ia 4500 | ||
|---|---|---|---|
| 008 | 231217s9999 xx 000 0 und d | ||
| 041 | _aEnglish | ||
| 082 | _a001.6424LIN HUN;1 R | ||
| 100 | _aHunt, Craig | ||
| 245 | 0 | _aLinux network servers : 24 seven | |
| 250 | _a1st ed. | ||
| 260 |
_c1999 _bBPB _aNew Delhi |
||
| 300 | _axxvi+626 | ||
| 650 | _aLinux,network,servers,:,24,seven | ||
| 942 | _cAA | ||
| 999 |
_c171236 _d171236 |
||